000 01043nam a22003137a 4500
001 BR0808899
003 BR-BrBNA
005 20230928102758.0
007 ta
008 230509b bl.||||| |||| 00| 0 por d
040 _aBR-BrBNA
_bpor
_cBiblioteca Nacional de Agricultura
041 _a(Por)
072 _aH20; H10
_b0430
_b4110
_b4020
090 _ 0430 BR0808899
100 1 _aDemo, C.
110 1 _aUniversidade de Brasília, DF (Brasil). Faculdade de Agronomia e Medicina Veterinária
_0Tese (Mestre em Ciências Agrárias)
245 1 _aUtilização sistêmica de Bacillus thuringiensis para o controle de Spodoptera frugiperda na cultura do algodão
260 3 _aBrasília, DF (Brasil):
_c2006.
300 _a55 p.
500 _aSummaries (Eng, Por); Bibliography p. 49-55; 21 illus.
650 _aALGODÃO
650 _aBACILLUS THURINGIENSIS
650 _aBACTÉRIA
650 _aSPODOPTERA FRUGIPERDA
650 _aLAGARTA
650 _aCONTROLE BIOLÓGICO
909 _a202309
_bLucia
_c55
_dLucia Elande
942 _cBK
999 _c72417
_d72417